000 00656nam a2200205 i 4500
001 133896
003 ES-MaACL
007 t|
008 070903s1953 sp ||||1| spa d
100 1 _aWright, Willard Huntington.
_9117427
245 1 3 _aEl crimen de Benson /
_cS. S. Van Dine (seud.) ; [traducción del inglés por R. Díaz Azpeitia].
250 _a[1ª ed.].
260 _aBarcelona :
_bPlaneta,
_c[1953]
300 _a221 p. ;
_c17 cm.
490 1 _aColección "Crime Club" ;
_v15
700 1 _aDíaz Azpeitia, R.
_944179
830 0 _aColección "Crime Club" ;
_v15
_9219798
852 _aES-MaACL
_jC-7427
_bR.35162
999 _c133896
_d133896